Statistics for Knights and Warriors in ASOIAF / Game of Thrones

Click here to take the quiz!

General Stats

  • This quiz has been taken 520 times
  • The average score is 35 of 59

Answer Stats

DescriptionAnswer% Correct
Lord Commander of the Kingsguard under King Robert I, called the BoldSer Barristan Selmy
98%
Lord Commander of the Kingsguard under 2 kings, called the KingslayerSer Jaime Lannister
97%
Kingsguard knight under King Aerys II, called the Sword of the MorningSer Arthur Dayne
96%
First Lord of the Seven Kingdoms, called the ConquerorKing Aegon I Targaryen
89%
Younger brother of Prince Doran Martell, called the Red ViperPrince Oberyn Martell
88%
Gigantic knight of Clegane's Keep, called the Mountain That RidesSer Gregor Clegane
88%
Member of the Kingsguard under King Joffrey I, called the HoundSandor Clegane
85%
Kingsguard knight under two kings, called the Knight of FlowersSer Loras Tyrell
85%
Third Lord of the Seven Kingdoms, called the CruelKing Maegor I Targaryen
84%
Khal of the largest Dothraki khalasar ever known, called Great RiderKhal Drogo
83%
Eldest son of Lord Rickard Stark, called the Wild WolfBrandon Stark
81%
Exiled former head of House MormontSer Jorah Mormont
81%
Heir to King Aerys II, called the last dragonPrince Rhaegar Targaryen
80%
First Blackfyre pretender, called the Black DragonDaemon I Blackfyre
79%
Eighteenth Lord of the Seven Kingdoms, called the Demon of the TridentKing Robert I Baratheon
79%
Lord Commander of the Kingsguard under 5 kings, called the DragonknightSer Aemon Targaryen
78%
Former First Sword of BraavosSyrio Forel
76%
Lord Commander of the Kingsguard under King Aegon V, called the TallSer Duncan the Tall
73%
Former ranger of the Night's Watch, now King-Beyond-the-WallMance Rayder
70%
Ranger of the Night's Watch, called the HalfhandQhorin Halfhand
70%
Second son of Lord Mace Tyrell, called the GallantSer Garlan Tyrell
70%
Red priest of R'hllor from Myr, called the EmberThoros of Myr
70%
Heir of Lord Selwyn Tarth, called the Maid of TarthBrienne Tarth
67%
Commander of the City Watch under King Viserys I, of House TargaryenPrince Daemon Targaryen
66%
Lord Captain of the Iron Fleet under Lord Balon Greyjoy, called the Iron CaptainVictarion Greyjoy
66%
Briefly Hand of the King under King Aegon III, called the Old Man of the NorthLord Cregan Stark
64%
Heir and Hand to King Daeron II, called BreakspearPrince Baelor Targaryen
64%
Brother of Lord Hoster Tully, called the BlackfishSer Brynden Tully
63%
Lord of Last Hearth, called the GreatjonLord Jon Umber
62%
Fifth and final Blackfyre pretender, called the MonstrousMaelys I Blackfyre
61%
Knight of High Hermitage, called DarkstarSer Gerold Dayne
61%
Founder of the Golden Company, called BittersteelSer Aegor Rivers
59%
Lord Commander of the Kingsguard under two kings, called the White BullSer Gerold Hightower
59%
Second son of King Viserys I, called One-EyePrince Aemond Targaryen
57%
Captain of guards at Sunspear under Prince Doran Martell, of NorvosAreo Hotah
54%
Kingsguard knight under King Aerys II, of House MartellPrince Lewyn Martell
53%
Knight of House Strong, called BreakbonesSer Harwin Strong
53%
Eunuch ex pit-fighter, called the Strong Strong Belwas
52%
Lord of Storm's End during the reign of King Aegon V, called the Laughing StormLord Lyonel Baratheon
50%
Master-at-arms at Pyke under Lord Balon Greyjoy, called the CleftjawDagmer Cleftjaw
49%
Captain of the Stormcrows, of TyroshDaario Naharis
47%
Lord Commander of the Kingsguard under two kings, of House RedwyneSer Ryam Redwyne
47%
Kingsguard knight under King Aerys II, of House WhentSer Oswell Whent
45%
Eldest bastard of Lord Walder Frey, called Bastard FreySer Walder Rivers
42%
Lord of Highgarden during the reign of King Daeron II, called LongthornLord Leo Tyrell
41%
Lord of Pyke before Balon GreyjoyLord Quellon Greyjoy
40%
Clan chief of the Stone Crows, son of DolfShagga, son of Dolf
38%
Member of House Stark who slew the King-Beyond-the-Wall, called the ImplacableArtos Stark
37%
Insane outlaw in the Kingswood BrotherhoodThe Smiling Knight
35%
Sixth son of Lord Walder FreySer Hosteen Frey
34%
Leader of the Kingswood Brotherhood, of House ToyneSimon Toyne
34%
Second son of Lord Roland Crakehall, called StrongboarSer Lyle Crakehall
32%
Master-at-arms at the Red Keep under King Aegon IV, called FireballSer Quentyn Ball
31%
Kingsguard knight under King Daeron II, of House CorbraySer Gwayne Corbray
30%
Head of House Ironmaker, called the Anvil-breakerLord Erik Ironmaker
29%
Final Lord of Castamere, called the Red LionLord Roger Reyne
27%
Head of House Harlaw of Grey Gardens, called the Knight of Grey GardensSer Harras Harlaw
27%
Ironborn warrior in the service of Lord Dunstan Drumm, called the UnsmilingAndrik the Unsmiling
20%
Lord Commander of the Kingsguard under King Aegon I, called the Bastard of CornfieldSer Addison Hill
19%

Score Distribution

Percentile by Number Answered

Percent of People with Each Score

Your Score History

You have not taken this quiz